| 000 | 00384nam a2200145Ia 4500 | ||
|---|---|---|---|
| 008 | 230312s9999||||xx |||||||||||||| ||und|| | ||
| 020 | _a777777651-7 | ||
| 082 |
_a658.4038 _bBRI-J |
||
| 245 | 0 | _aJAMES COOK UNIVERSITY BU1000 Supplement | |
| 260 | _bMcGraw Hill | ||
| 300 | _a253 | ||
| 546 | _aEng. | ||
| 650 |
_aManagement _vIntroduction to Information systems in Business |
||
| 942 | _cBK | ||
| 999 |
_c480 _d480 |
||